<?xml version="1.0" encoding="UTF-8"?>
<marc:record xmlns:marc="http://www.loc.gov/MARC21/slim">
   <marc:leader>00000nam a2200000 a 4500</marc:leader>
   <marc:datafield ind1="1" ind2=" " tag="100">
      <marc:subfield code="a">Russwurm, Vera</marc:subfield>
      <marc:subfield code="4">aut</marc:subfield>
      <marc:subfield code="e">Verfasser/-in</marc:subfield>
   </marc:datafield>
   <marc:datafield ind1=" " ind2=" " tag="653">
      <marc:subfield code="a">Fiktionale Darstellung</marc:subfield>
   </marc:datafield>
   <marc:datafield ind1=" " ind2=" " tag="653">
      <marc:subfield code="a">Erzählende Literatur: Gegenwartsliteratur ab 1945</marc:subfield>
   </marc:datafield>
   <marc:datafield ind1=" " ind2=" " tag="653">
      <marc:subfield code="a">Spannung</marc:subfield>
   </marc:datafield>
   <marc:datafield ind1="0" ind2="0" tag="245">
      <marc:subfield code="a">Der Ameisenhaufen</marc:subfield>
   </marc:datafield>
   <marc:datafield ind1="0" ind2="0" tag="245">
      <marc:subfield code="b">Roman</marc:subfield>
   </marc:datafield>
   <marc:datafield ind1="0" ind2="0" tag="245">
      <marc:subfield code="c">Russwurm, Vera</marc:subfield>
   </marc:datafield>
   <marc:datafield ind1=" " ind2="1" tag="264">
      <marc:subfield code="a">Wien</marc:subfield>
      <marc:subfield code="b">Amalthea</marc:subfield>
      <marc:subfield code="c">2016</marc:subfield>
   </marc:datafield>
   <marc:datafield ind1=" " ind2=" " tag="250">
      <marc:subfield code="a">2. Aufl.</marc:subfield>
   </marc:datafield>
   <marc:datafield ind1="1" ind2=" " tag="520">
      <marc:subfield code="a">Der Ameisenhaufen : Roman / von Vera Russwurm &#xD;
&#xD;
 &#xD;
Der rasante Roman von Vera Russwurm lässt hinter die Kulissen des Showbusiness blicken.&#xD;
Ein Geldkoffer wird aus dem Chefbüro der großen österreichischen Produktionsfirma "MasterTV-Österreich" gestohlen. Somit fehlt eine Million Euro im Budget der brandneuen Sendung "Ameisenhaufen". Das Management trifft eine höchst ungewöhnliche Sparmaßnahme: Aus verschiedenen Abteilungen wird jeweils ein Mitarbeiter bestimmt, der sich im "Ameisenhaufen" behaupten muss. Der Clou: Diejenigen, die diese demütigenden Spiele erfunden haben, müssen sie nun selber spielen. Der "Ameisenhaufen", das sind fünfzig Fünfjährige – gnadenlos und unberechenbar. Mittendrin ist Jonas – ein junger, hochtalentierter Cutter, der mit seinem Leben nicht zurechtkommt. Neben ihm buhlen der altruistische Aufnahmeleiter Sami, die intrigante Redaktionsleiterin Maria, der liebeshungrige Showmaster Will Wilson und der bildschöne Praktikant Fabo um den Hauptpreis: eine frische Million. Vera Russwurm erzählt in ihrem Gesellschaftsroman von Liebschaften, Intrigen und Glücksrittern, die in der Welt des Fernsehens ihren Träumen hinterherjagen.</marc:subfield>
   </marc:datafield>
   <marc:datafield ind1=" " ind2=" " tag="020">
      <marc:subfield code="a">9783990500538</marc:subfield>
      <marc:subfield code="9">9783990500538</marc:subfield>
   </marc:datafield>
   <marc:datafield ind1=" " ind2=" " tag="020">
      <marc:subfield code="a">3990500538</marc:subfield>
      <marc:subfield code="9">3990500538</marc:subfield>
   </marc:datafield>
   <marc:datafield ind1=" " ind2=" " tag="041">
      <marc:subfield code="a">ger</marc:subfield>
   </marc:datafield>
   <marc:datafield ind1=" " ind2=" " tag="338">
      <marc:subfield code="a">Band</marc:subfield>
   </marc:datafield>
   <marc:datafield ind1=" " ind2=" " tag="300">
      <marc:subfield code="a">214 Seiten</marc:subfield>
   </marc:datafield>
</marc:record>
